Ace of Base - All That She Wants (Lyrics) - Statistics

General Stats
  • This quiz has been taken 70 times
    55 since last reset
  • The average score is 184 of 234
Answer Stats
Answer % Correct
She
100%
she
100%
When
98%
a
95%
is
95%
All
93%
another
93%
She's
93%
that
93%
to
93%
wants
93%
baby
91%
baby,
91%
the
88%
The
88%
And
84%
and
84%
you
84%
get
81%
in
81%
tomorrow,
79%
It
77%
yeah
77%
up
74%
just
72%
Just
72%
going
70%
gone
70%
life
70%
morning
70%
morning"
70%
"Oh,
70%
day
67%
for
67%
on
67%
had
65%
lonely
65%
you're
65%
begun
63%
her
63%
what
63%
It's
60%
woke
60%
leads
58%
light
58%
So
58%
fun
56%
boy
53%
eyes
53%
having
53%
if
53%
But
51%
opened
51%
late
49%
night
47%
hunter,
44%
beach
42%
catching
42%
forever
40%
right
40%
won't
40%
are
37%
lying
37%
not
37%
of
37%
thought
37%
talk
33%
work
33%
passion
30%
talks
30%
fox
28%
goodbye
28%
voice
28%
Beware
26%
sight
26%
flashing
23%
gentle
23%
means
23%
tan
23%
No matching quizzes found
Score Distribution
Percent of People with Each Score
Percentile by Number Answered
Your Score History
You have not taken this quiz since the last reset